| 000 | 00894nam a2200193 i 4500 | ||
|---|---|---|---|
| 001 | 184593 | ||
| 003 | ES-MaACL | ||
| 005 | 20250826010036.0 | ||
| 008 | 151026s1920 sp |||| | spa d | ||
| 245 | 0 | 3 |
_aEl libro de la cadena del concejo de Jaca _b: documentos reales, episcopales y municipales de los siglos X, XI, XII, XIII y XIV / _ctranscripción, traducción y anotaciones del cronista ... Dámaso Sangorrín y Diest-Garcés. |
| 260 |
_a[S.l. : _bs.n., _c1920] ( _eZaragoza : _fImp. de F. Martínez) |
||
| 300 |
_a392 p. ; _c22 cm. |
||
| 490 | 1 |
_aColección de documentos para el estudio de la historia de Aragón ; _v12 |
|
| 651 | 4 |
_aJaca- _xHistoria- _vFuentes. _9158018 |
|
| 700 | 1 |
_aSangorrín y Diest-Garcés, Dámaso. _9158019 |
|
| 830 | 0 | 0 |
_aColección de documentos para el estudio de la historia de Aragón _v12 _9192177 |
| 852 |
_aES-MaACL _jC-2181 |
||
| 999 |
_c184593 _d184593 |
||